00696nam a2200205 i 450000100060000000300090000600500170001500700030003200800410003510000300007624501630010625000150026926000540028430000380033849000190037670000200039570000250041583000190044085200310045980499ES-MaACL20250808022124.0t|041028s1953 sp ||||1| spa d1 aHitler, Adolf,d1889-194510aConversaciones sobre la guerra y la paz b: recogidas por orden de Martin Bormann / c[traducción de Alfredo Nieto ; prefacio y notas de E.P. de las Heras]. a[1ª ed.]. aBarcelona : bLuis de Caralt, c[1953] (fSimpar) aXIV, 316 p., 30 lám. ; c22 cm.1 aLa vida vivida1 aNieto, Alfredo.1 aHeras, E. P. de las.03aLa vida vivida aES-MaACLjC-6096 bR.34884